Pays du monde contenant un C - Statistiques

Statistiques générales
  • Ce quiz a été pris 3 240 fois
  • Le résultat moyen est 25 sur 38
Statistiques - réponses
Pays % Correct
Canada
92%
Chine
92%
Colombie
86%
Corée du Nord
85%
Corée du Sud
85%
Chili
83%
Croatie
82%
République Démocratique du Congo
82%
Congo
81%
Costa Rica
77%
France
77%
Cameroun
76%
Cuba
76%
Cambodge
75%
Chypre
73%
Comores
73%
Maroc
72%
Cap-Vert
67%
Côte d'Ivoire
65%
République Tchèque
63%
République Centrafricaine
61%
Saint-Christophe-et-Niévès
61%
Vatican
59%
Grèce
58%
Macédoine du Nord
58%
Madagascar
58%
Monaco
57%
République Dominicaine
57%
Nicaragua
56%
Tchad
54%
Saint-Vincent-et-les-Grenadines
53%
Liechtenstein
51%
Autriche
50%
Sainte-Lucie
50%
Île Maurice
46%
Micronésie
45%
Seychelles
43%
Sao Tomé-et-Principe
29%
Aucun quiz correspondant
Distribution des résultats
% des personnes avec chaque résultat
Percentile par nombre de réponses
Votre historique - résultats
Vous n’avez pas pris ce quiz